Kisipari szövetkezetek művészeti csoportjainak bemutatói

Elmentve itt :
Bibliográfiai részletek
Dokumentumtípus: Cikk
Megjelent: 1964-05-19
Sorozat:Délmagyarország 54 No. 115
Kulcsszavak:Vetélkedő kulturális 1964, táncművészet
Online Access:http://dmarchiv.bibl.u-szeged.hu/75514
LEADER 00461nab a2200145 i 4500
001 delm75514
005 20180928084333.0
008 180928s1964 hu o 0|| hun d
040 |a SZTE Délmagyarország Archívum  |b hun 
041 |a hun 
245 0 0 |a Kisipari szövetkezetek művészeti csoportjainak bemutatói  |h [elektronikus dokumentum] 
260 |c 1964-05-19 
300 |a 5 
490 0 |a Délmagyarország  |v 54 No. 115 
695 |a Vetélkedő kulturális 1964, táncművészet